000 00492 a2200169 4500
005 20250506085451.0
020 _a978-0-07-352679-9
082 _a658.151 EDM
100 _aEDMONDS, T. P.
245 _aFundamental Managerial Accounting Concepts.
250 _a4th Ed
260 _aNew York,
_bMcGraw-Hill,
_c2008.
300 _aXxxiii, 685p.: ill.; picture
_bIndex
_c27cm.
700 _aTSAY, B. Y. & OLDS, P. R.
856 _yAccess Online Book
_fAccounting
_dwww.mhhe.com
942 _2ddc
_cBKS
999 _c1979
_d1979